00607nam a22001097a 450000500170000000800410001705000310005810000290008924501530011826000340027165001920030520250807101305.0250807b |||||||| |||| 00| 0 eng d aTHE LC 4091 .O55 2020bC.1 aOkello, Melenia Khayende aSchools' preparedness towards implementation of digital literacy programme in public primary schools in Waitaluk Division, Trans-Nzoia County, Kenya aKisiibKisii Universityc2020 a1. Digital literacy—Study and teaching (Primary) 2. Information technology—Education—Kenya. 3. Public schools—Kenya—Trans-Nzoia County. 4. Computer-assisted instruction—Kenya.